Chubu Centrair International Airport Destinations (Nagoya, Japan) - Statistics

General Stats
  • This quiz has been taken 73 times
    39 since last reset
  • The average score is 38 of 57
Answer Stats
Airline Destination % Correct
Air China Beijing (Capital)
96%
Juneyao Air Beijing (Daxing)
96%
Air China/China Eastern Airlines/Juneyao Air/Shanghai Airlines/Spring Airlines Shanghai (Pudong)
96%
Cathay Pacific/China Airlines/Japan Airlines/Peach/StarFlyer/Starlux Airlines/Thai Lion Air/Tigerair Taiwan Taipei (Taoyuan)
96%
All Nippon Airways/ANA Wings/Japan Airlines Tokyo (Haneda)
96%
All Nippon Airways/ANA Wings/Japan Airlines Tokyo (Narita)
96%
Peach Seoul (Gimpo)
93%
Asiana Airlines/Jeju Air/Jin Air/Korean Air Seoul (Incheon)
93%
Singapore Airlines Singapore
93%
VietJet Air/Vietnam Airlines Hanoi
89%
Vietnam Airlines Ho Chi Minh City
89%
Cebu Pacific/Jetstar Japan/Philippine Airlines Manila
89%
Air Do/ANA Wings/Japan Airlines/Jetstar Japan/Peach/Skymark Airlines Sapporo (Chitose)
89%
Thai AirAsia X/Thai Lion Air Bangkok (Don Mueang)
85%
Thai Airways International Bangkok (Suvarnabhumi)
85%
Korean Air Busan
85%
All Nippon Airways/ANA Wings/Ibex Airlines/Jetstar Japan/Oriental Air Bridge/StarFlyer Fukuoka
85%
Cathay Pacific/HK Express/Hong Kong Airlines Hong Kong
85%
Shenzhen Airlines Shenzhen
85%
Lufthansa Frankfurt
81%
Batik Air Malaysia Kuala Lumpur (International)
81%
ANA Wings/Japan Transocean Air/Jetstar Japan/Peach/Skymark Airlines/Solaseed Air Naha
81%
Philippine Airlines Cebu
78%
China Southern Airlines Guangzhou
78%
ANA Wings/Ibex Airlines/Peach Sendai
78%
Finnair Helsinki
74%
T'way Air Jeju
74%
VietJet Air Da Nang
70%
United Airlines Guam
70%
ANA Wings Nagasaki
70%
Juneyao Air Nanjing
70%
China Eastern Airlines Xi'an
70%
XiamenAir Hangzhou
67%
Ibex Airlines/Jetstar Japan/Skymark Airlines/Solaseed Air Kagoshima
67%
Japan Airlines/Tianjin Airlines Tianjin
67%
Batik Air Malaysia/Tigerair Tawain Kaohsiung
63%
China Southern Airlines/Spring Airlines Dalian
59%
Japan Airlines Honolulu
59%
ANA Wings/Ibex Airlines Matsuyama
59%
China Southern Airlines Shenyang
59%
ANA Wings/Oriental Air Bridge Akita
56%
Ibex Airlines/Toki Air Niigata
56%
Fuji Dream Airlines Kochi
52%
ANA Wings/Oriental Air Bridge/Solaseed Air Miyazaki
52%
Tigerair Taiwan Taichung
52%
Air Do/ANA Wings Hakodate
48%
Ibex Airlines Oita
41%
All Nippon Airways Asahikawa
37%
All Nippon Airways/Japan Transocean Air Miyako
37%
All Nippon Airways/Japan Transocean Air Ishigaki
30%
Korean Air Muan
30%
Japan Airlines Obihiro
26%
China Eastern Airlines Yantai
26%
Aero K Cheongju
22%
China Eastern Airlines Lanzhou
22%
Fuji Dream Airlines Izumo
19%
ANA Wings/Ibex Airlines Kunamoto
11%
No matching quizzes found
Score Distribution
Percent of People with Each Score
Percentile by Number Answered
Your Score History
You have not taken this quiz since the last reset